[Event "Titled Tuesday intern op 03rd Jan Late"]
[Site "Chess.com INT"]
[Date "2025.06.03"]
[Round "3"]
[White "Sobek, Jaroslav"]
[Black "Borisov, Yuri"]
[Result "0-1"]
[WhiteElo "2195"]
[BlackElo "2285"]
[PlyCount "40"]
[EventDate "2025.06.03"]
[EventType "swiss (blitz)"]
[EventRounds "11"]
[EventCountry "USA"]
[SourceTitle "CB24_2025"]
[SourceDate "2025.06.11"]
[SourceVersion "1"]
[SourceVersionDate "2025.06.11"]
[SourceQuality "1"]

1. d4 e6 2. c4 f5 3. g3 Nf6 4. Bg2 d5 5. Nf3 c6 6. Nbd2 Bd6 7. 0-0 0-0 8. b3 Qe7 9. Bb2 b6 10. Ne1 Ba6 11. Qc2 Nbd7 12. Ndf3 Rac8 13. Nd3 c5 14. cxd5 cxd4 15. Qd1 e5 16. Ng5 e4 17. Nf4 Bxf4 18. gxf4 Nxd5 19. Qxd4 Nxf4 20. Rfe1 Qxg5 0-1

[Event "Titled Tuesday intern op 20th May Late"]
[Site "Chess.com INT"]
[Date "2025.05.20"]
[Round "6"]
[White "Sobek, Jaroslav"]
[Black "Bhatia, Kanishka"]
[Result "0-1"]
[WhiteElo "2195"]
[BlackElo "1979"]
[PlyCount "74"]
[EventDate "2025.05.20"]
[EventType "swiss (blitz)"]
[EventRounds "11"]
[EventCountry "USA"]
[SourceTitle "CB22_2025"]
[SourceDate "2025.05.28"]
[SourceVersion "1"]
[SourceVersionDate "2025.05.28"]
[SourceQuality "1"]

1. d4 Nf6 2. c4 e6 3. Bf4 b6 4. a3 a5 5. Nc3 Bb7 6. Qc2 Be7 7. e4 d5 8. Bd3 dxe4 9. Nxe4 Nxe4 10. Bxe4 Bxe4 11. Qxe4 Nd7 12. Nf3 0-0 13. Qc6 Rc8 14. 0-0 Nb8 15. Qb7 h6 16. Rfd1 Bd6 17. Ne5 Qf6 18. Bg3 Rfd8 19. Rac1 Qe7 20. h3 Bxe5 21. Bxe5 Qd7 22. Kh2 Nc6 23. Qa6 Nxe5 24. dxe5 Qc6 25. Qb5 Qe4 26. f3 Qf4+ 27. Kh1 Rd2 28. Rxd2 Qxd2 29. Rg1 Qd4 30. b4 axb4 31. axb4 Rd8 32. Kh2 Qf4+ 33. Kh1 Rd3 34. Qe8+ Kh7 35. Qe7 Qf5 36. Qxc7 Rxf3 37. Qxb6 Rxh3+ 0-1

[Event "Titled Tuesday intern op 20th May Late"]
[Site "Chess.com INT"]
[Date "2025.05.20"]
[Round "4"]
[White "Sobek, Jaroslav"]
[Black "Lissillour, Baptiste"]
[Result "1-0"]
[WhiteElo "2195"]
[BlackElo "2318"]
[PlyCount "69"]
[EventDate "2025.05.20"]
[EventType "swiss (blitz)"]
[EventRounds "11"]
[EventCountry "USA"]
[SourceTitle "CB22_2025"]
[SourceDate "2025.05.28"]
[SourceVersion "1"]
[SourceVersionDate "2025.05.28"]
[SourceQuality "1"]

1. d4 Nf6 2. c4 e6 3. Bf4 d5 4. Nc3 Be7 5. e3 0-0 6. Nf3 c5 7. cxd5 Nxd5 8. Nxd5 exd5 9. dxc5 Bxc5 10. a3 Nc6 11. Bd3 Be7 12. 0-0 Bf6 13. Qc2 g6 14. Rfd1 Be6 15. h3 Rc8 16. Qa4 Qa5 17. Qxa5 Nxa5 18. Rab1 Nc4 19. Nd4 Rfd8 20. a4 a6 21. b3 Ne5 22. Bf1 Nc6 23. Nxe6 fxe6 24. b4 e5 25. Bg3 d4 26. exd4 Nxd4 27. b5 axb5 28. axb5 Rc2 29. b6 Rf8 30. Rbc1 Rfc8 31. Ra1 Rf8 32. Ra7 Nf5 33. Rxb7 Nxg3 34. fxg3 e4 35. Re1 1-0

[Event "Titled Tuesday intern op 20th May Late"]
[Site "Chess.com INT"]
[Date "2025.05.20"]
[Round "3"]
[White "Sobek, Jaroslav"]
[Black "Marchesich, Giovanni"]
[Result "1/2-1/2"]
[WhiteElo "2195"]
[BlackElo "2219"]
[PlyCount "126"]
[EventDate "2025.05.20"]
[EventType "swiss (blitz)"]
[EventRounds "11"]
[EventCountry "USA"]
[SourceTitle "CB22_2025"]
[SourceDate "2025.05.28"]
[SourceVersion "1"]
[SourceVersionDate "2025.05.28"]
[SourceQuality "1"]

1. d4 f6 2. c4 g6 3. Nc3 Nh6 4. e4 Nf7 5. Nf3 Bg7 6. h4 0-0 7. h5 g5 8. Be3 h6 9. Bd3 d6 10. Qc2 Nc6 11. a3 e5 12. d5 Ne7 13. Nd2 Bd7 14. Nf1 Qc8 15. Ng3 c5 16. Nf5 Bxf5 17. exf5 a6 18. g4 Rb8 19. a4 Nd8 20. Ne4 Qd7 21. 0-0 Nc8 22. Ra3 Na7 23. Rb3 Rf7 24. Qd2 Bf8 25. Qa5 Qc7 26. Qxc7 Rxc7 27. Nxf6+ Kf7 28. Ne4 b6 29. Ra1 Rcb7 30. Kg2 b5 31. axb5 axb5 32. cxb5 Nxb5 33. Bxb5 Rxb5 34. Rxb5 Rxb5 35. Ra7+ Nb7 36. Bc1 Ke7 37. Kf1 Kd7 38. Ke2 Kc7 39. Nd2 Kb8 40. Ra6 Rb4 41. f3 Be7 42. Kd3 Bd8 43. Nc4 Bc7 44. Bd2 Rb3+ 45. Bc3 Rb5 46. Ra1 Bd8 47. Ra6 Kc7 48. Rc6+ Kd7 49. Nd2 Na5 50. Ra6 Nb7 51. Ne4 Ba5 52. Bxa5 Rxa5 53. Rxa5 Nxa5 54. Kc3 Nb7 55. b4 cxb4+ 56. Kxb4 Ke7 57. Kb5 Kd7 58. f6 Nd8 59. Kb6 Nf7 60. Kb7 Nh8 61. Kb6 Nf7 62. Kb7 Nd8+ 63. Kb6 Nf7 1/2-1/2

[Event "Titled Tuesday intern op 20th May Late"]
[Site "Chess.com INT"]
[Date "2025.05.20"]
[Round "8"]
[White "Sobek, Jaroslav"]
[Black "Skramstad, Oda Kofoed"]
[Result "1/2-1/2"]
[WhiteElo "2195"]
[BlackElo "1898"]
[PlyCount "125"]
[EventDate "2025.05.20"]
[EventType "swiss (blitz)"]
[EventRounds "11"]
[EventCountry "USA"]
[SourceTitle "CB22_2025"]
[SourceDate "2025.05.28"]
[SourceVersion "1"]
[SourceVersionDate "2025.05.28"]
[SourceQuality "1"]

1. d4 Nf6 2. c4 g6 3. Nc3 Bg7 4. e4 d6 5. h3 0-0 6. Bg5 h6 7. Be3 e5 8. d5 c6 9. Nf3 cxd5 10. cxd5 Qa5 11. Nd2 Bd7 12. Be2 b5 13. a3 Na6 14. 0-0 Rac8 15. b4 Qd8 16. Qb3 Nc7 17. Rfc1 Nh7 18. Bxa7 f5 19. f3 f4 20. Bf2 g5 21. a4 bxa4 22. Nxa4 Rb8 23. Nb6 Be8 24. Ndc4 Rf6 25. Ra7 Nb5 26. Ra5 h5 27. Nxe5 Rxb6 28. Nc6 Bxc6 29. dxc6+ Kh8 30. Bxb5 Qc7 31. Ra8+ Rf8 32. Bf1 Rxa8 33. Bxb6 Qxb6+ 34. Kh1 Rc8 35. b5 Nf6 36. Qe6 Re8 37. Qf5 g4 38. c7 Qe3 39. c8Q Rxc8 40. Qxc8+ Kh7 41. hxg4 hxg4 42. Rd1 gxf3 43. Qh3+ Kg8 44. Qxf3 Qc5 45. Qh3 Kf8 46. Qe6 f3 47. Qxd6+ Qxd6 48. Rxd6 fxg2+ 49. Bxg2 Ke7 50. Rc6 Nd7 51. Rc7 Be5 52. Ra7 Kd6 53. b6 Kc6 54. Bh3 Nxb6 55. Rf7 Nc4 56. Rf5 Kd6 57. Bg2 Nd2 58. Rh5 Ke6 59. Rh6+ Ke7 60. Rh7+ Ke6 61. Rh6+ Ke7 62. Rh5 Ke6 63. Rh6+ 1/2-1/2

[Event "Titled Tuesday intern op 06th May Early"]
[Site "Chess.com INT"]
[Date "2025.05.06"]
[Round "6"]
[White "Piesik, Piotr"]
[Black "Sobek, Jaroslav"]
[Result "1-0"]
[WhiteElo "2436"]
[BlackElo "2195"]
[PlyCount "83"]
[EventDate "2025.05.06"]
[EventType "swiss (blitz)"]
[EventRounds "11"]
[EventCountry "USA"]
[SourceTitle "CB20_2025"]
[SourceDate "2025.05.14"]
[SourceVersion "1"]
[SourceVersionDate "2025.05.14"]
[SourceQuality "1"]

1. e4 c5 2. Nf3 a6 3. c3 d5 4. exd5 Qxd5 5. d4 Nf6 6. Be2 e6 7. 0-0 Be7 8. Na3 0-0 9. Nc4 Nbd7 10. a4 b6 11. Nfe5 Nxe5 12. Nxe5 Bb7 13. Bf3 Ne4 14. Re1 f5 15. Be3 cxd4 16. Bxd4 Bf6 17. Bxe4 fxe4 18. Ng4 Bxd4 19. Qxd4 Qxd4 20. cxd4 Rfd8 21. Rad1 Rac8 22. Ne3 Rc7 23. Rd2 Rdc8 24. g4 h6 25. h4 Rc1 26. Rxc1 Rxc1+ 27. Kg2 Bd5 28. Rd1 Rc6 29. Kg3 Kf7 30. Kf4 Kf6 31. g5+ hxg5+ 32. hxg5+ Kg6 33. Rh1 Kf7 34. Ke5 b5 35. axb5 axb5 36. Rh8 b4 37. Rb8 b3 38. Nxd5 exd5 39. Kxd5 Rc2 40. Rxb3 Rxf2 41. Kxe4 Rg2 42. Rb5 1-0

[Event "Titled Tuesday intern op 06th May Early"]
[Site "Chess.com INT"]
[Date "2025.05.06"]
[Round "2"]
[White "Sobek, Jaroslav"]
[Black "Rojas Alarcon, Julian Antonio"]
[Result "1/2-1/2"]
[WhiteElo "2195"]
[BlackElo "2365"]
[PlyCount "155"]
[EventDate "2025.05.06"]
[EventType "swiss (blitz)"]
[EventRounds "11"]
[EventCountry "USA"]
[SourceTitle "CB20_2025"]
[SourceDate "2025.05.14"]
[SourceVersion "1"]
[SourceVersionDate "2025.05.14"]
[SourceQuality "1"]

1. d4 Nf6 2. c4 e6 3. Bf4 Bb4+ 4. Nd2 d5 5. a3 Bd6 6. Bxd6 cxd6 7. cxd5 Nxd5 8. e4 Nf6 9. Ngf3 Nc6 10. Bd3 e5 11. d5 Ne7 12. 0-0 Ng6 13. Re1 0-0 14. Rc1 Bg4 15. Qb3 Rb8 16. h3 Bxf3 17. Nxf3 Nd7 18. Bf1 f5 19. exf5 Rxf5 20. Nd2 Nc5 21. Qe3 Nf4 22. b4 Nd7 23. Ne4 Nb6 24. g3 Nfxd5 25. Qb3 Kh8 26. Rcd1 Rf7 27. Rxd5 Nxd5 28. Qxd5 Rd7 29. h4 h6 30. Bh3 Rc7 31. Qxd6 Qxd6 32. Nxd6 Rd8 33. Nb5 Re7 34. Nxa7 Rd3 35. Nb5 e4 36. Bg2 Re5 37. Rxe4 Rxe4 38. Bxe4 Rd1+ 39. Kg2 b6 40. Bf3 Ra1 41. h5 Kg8 42. Be2 Kf7 43. f4 Ke6 44. Kf3 Kd5 45. g4 Ke6 46. g5 hxg5 47. fxg5 Kf5 48. g6 Kg5 49. Ke3 Kf6 50. Kd3 Rh1 51. Kc3 Rh3+ 52. Bd3 Ke5 53. a4 Rxh5 54. a5 bxa5 55. bxa5 Kd5 56. a6 Rh8 57. a7 Kc5 58. Be4 Kxb5 59. a8Q Rxa8 60. Bxa8 Kc5 61. Be4 Kd6 62. Kd4 Ke7 63. Bd5 Kf8 64. Ke5 Ke8 65. Kd6 Kf8 66. Ke5 Ke8 67. Kd4 Kf8 68. Be6 Ke8 69. Ke5 Kf8 70. Kd6 Ke8 71. Ke5 Kf8 72. Bc4 Ke8 73. Ke6 Kf8 74. Kd6 Ke8 75. Bf7+ Kf8 76. Ke5 Ke7 77. Bg8 Kf8 78. Bd5 1/2-1/2

[Event "Titled Tuesday intern op 06th May Early"]
[Site "Chess.com INT"]
[Date "2025.05.06"]
[Round "5"]
[White "Vafin, Ayrat"]
[Black "Sobek, Jaroslav"]
[Result "1-0"]
[WhiteElo "2302"]
[BlackElo "2195"]
[PlyCount "71"]
[EventDate "2025.05.06"]
[EventType "swiss (blitz)"]
[EventRounds "11"]
[EventCountry "USA"]
[SourceTitle "CB20_2025"]
[SourceDate "2025.05.14"]
[SourceVersion "1"]
[SourceVersionDate "2025.05.14"]
[SourceQuality "1"]

1. Nf3 c5 2. g3 b6 3. Bg2 Bb7 4. c4 Nf6 5. d4 cxd4 6. 0-0 e6 7. Qxd4 Bc5 8. Qd1 0-0 9. a3 Be7 10. Nc3 Na6 11. Bf4 Nc5 12. b4 Nce4 13. Nxe4 Bxe4 14. Bd6 Rc8 15. Rc1 Bxd6 16. Qxd6 Qc7 17. Qd4 d5 18. c5 bxc5 19. Rxc5 Qb7 20. Rfc1 Bxf3 21. Bxf3 a6 22. Qc3 Rxc5 23. Qxc5 h6 24. e3 Ra8 25. Qc6 Qa7 26. Rc5 Nd7 27. e4 Ne5 28. Qd6 Nxf3+ 29. Kg2 dxe4 30. Rc7 Qb8 31. Qc6 Ng5 32. h4 Nh7 33. Rb7 Qd8 34. Qxe4 Nf6 35. Qf3 Nd5 36. Qxf7+ 1-0

[Event "Titled Tuesday intern op 01st Apr Early"]
[Site "Chess.com INT"]
[Date "2025.04.01"]
[Round "9"]
[White "Buzbuchi, Ionut"]
[Black "Sobek, Jaroslav"]
[Result "1-0"]
[WhiteElo "2008"]
[BlackElo "2189"]
[PlyCount "91"]
[EventDate "2025.04.01"]
[EventType "swiss (blitz)"]
[EventRounds "11"]
[EventCountry "USA"]
[SourceTitle "CB15_2025"]
[SourceDate "2025.04.09"]
[SourceVersion "1"]
[SourceVersionDate "2025.04.09"]
[SourceQuality "1"]

1. e4 c5 2. Nc3 a6 3. Nge2 b5 4. d4 e6 5. Be3 cxd4 6. Nxd4 Bb7 7. f3 Nf6 8. Qd2 d5 9. exd5 Nxd5 10. Nxd5 Qxd5 11. a4 b4 12. 0-0-0 Qa2 13. Nb3 Be7 14. Bg5 Bxg5 15. Qxg5 0-0 16. Bd3 Bd5 17. Qh4 g6 18. Qxb4 Nc6 19. Qa3 Qxa3 20. bxa3 Rfb8 21. Nc5 Na5 22. Nxa6 Rb6 23. Nb4 Bc4 24. Rhe1 Rc8 25. Kd2 Kg7 26. Be4 Ba6 27. Ke3 Nc4+ 28. Kf2 Nxa3 29. Rd7 Nxc2 30. Nxc2 Rxc2+ 31. Bxc2 Rb2 32. Rc1 Bc4 33. Kg3 Bd5 34. Be4 Bb3 35. Rd3 Bxa4 36. Ra3 Bb5 37. Rc7 h5 38. Rc2 Rb4 39. h4 Bf1 40. Bd3 Bxd3 41. Rxd3 g5 42. hxg5 Rb5 43. Kh4 Rf5 44. Kxh5 Rf4 45. g4 f6 46. Kh4 1-0

[Event "Titled Tuesday intern op 01st Apr Late"]
[Site "Chess.com INT"]
[Date "2025.04.01"]
[Round "11"]
[White "Duncan, Christopher R"]
[Black "Sobek, Jaroslav"]
[Result "0-1"]
[WhiteElo "2178"]
[BlackElo "2191"]
[PlyCount "52"]
[EventDate "2025.04.01"]
[EventType "swiss (blitz)"]
[EventRounds "11"]
[EventCountry "USA"]
[SourceTitle "CB21_2025"]
[SourceDate "2025.05.21"]
[SourceVersion "1"]
[SourceVersionDate "2025.05.21"]
[SourceQuality "1"]

1. g3 c5 2. Bg2 Nc6 3. Nf3 g6 4. d4 cxd4 5. Nxd4 Bg7 6. Nb3 Nf6 7. 0-0 0-0 8. Nc3 d6 9. Bg5 a5 10. a4 Be6 11. Qd2 Qb6 12. Rfd1 Bxb3 13. cxb3 Qxb3 14. Rac1 Ne5 15. Bxf6 Bxf6 16. Nd5 Qxa4 17. Nxf6+ exf6 18. Qxd6 Kg7 19. Rd4 Qb3 20. Rf4 Qe6 21. Qc7 Rac8 22. Qxc8 Rxc8 23. Rxc8 Qxc8 24. h3 Qc1+ 25. Kh2 Qxb2 26. e3 b5 0-1

[Event "Titled Tuesday intern op 01st Apr Early"]
[Site "Chess.com INT"]
[Date "2025.04.01"]
[Round "3"]
[White "Pozzari, Simone"]
[Black "Sobek, Jaroslav"]
[Result "0-1"]
[WhiteElo "2148"]
[BlackElo "2189"]
[PlyCount "88"]
[EventDate "2025.04.01"]
[EventType "swiss (blitz)"]
[EventRounds "11"]
[EventCountry "USA"]
[SourceTitle "CB15_2025"]
[SourceDate "2025.04.09"]
[SourceVersion "1"]
[SourceVersionDate "2025.04.09"]
[SourceQuality "1"]

1. e4 c5 2. Nf3 a6 3. c3 d5 4. exd5 Qxd5 5. d4 e6 6. Be2 Nf6 7. 0-0 Be7 8. Be3 cxd4 9. cxd4 Nbd7 10. Nc3 Qd6 11. Rc1 0-0 12. Qb3 b6 13. Rfd1 Bb7 14. g3 Rac8 15. a3 Nd5 16. Ne4 Qb8 17. Bd2 Qa8 18. Qd3 h6 19. Ne1 N5f6 20. Nxf6+ Nxf6 21. f3 Rxc1 22. Rxc1 Rc8 23. Rxc8+ Qxc8 24. Qc3 Nd5 25. Qxc8+ Bxc8 26. Nd3 f6 27. Kf2 Kf7 28. b4 Bb7 29. h4 g5 30. h5 Bd6 31. Nc1 Ke7 32. Bd3 f5 33. Ne2 Nc7 34. g4 f4 35. Nc3 Nd5 36. Na4 Kd7 37. Be4 Kc7 38. Bxd5 Bxd5 39. Nc3 Kb7 40. Ne4 Kc6 41. Nf6 Bf8 42. Ke2 Bg7 43. Ne8 Bf8 44. Nf6 Bg7 0-1

[Event "Titled Tuesday intern op 01st Apr Early"]
[Site "Chess.com INT"]
[Date "2025.04.01"]
[Round "10"]
[White "Rose, Felix"]
[Black "Sobek, Jaroslav"]
[Result "1-0"]
[WhiteElo "2093"]
[BlackElo "2189"]
[PlyCount "49"]
[EventDate "2025.04.01"]
[EventType "swiss (blitz)"]
[EventRounds "11"]
[EventCountry "USA"]
[SourceTitle "CB15_2025"]
[SourceDate "2025.04.09"]
[SourceVersion "1"]
[SourceVersionDate "2025.04.09"]
[SourceQuality "1"]

1. e4 c5 2. Nf3 a6 3. Nc3 b5 4. d4 cxd4 5. Nxd4 Bb7 6. Bd3 e6 7. 0-0 Nc6 8. Nxc6 Bxc6 9. f4 Nf6 10. e5 Bc5+ 11. Kh1 Nd5 12. Ne4 Be7 13. f5 Nb4 14. f6 gxf6 15. Nxf6+ Bxf6 16. Rxf6 Nxd3 17. Qxd3 Rg8 18. Rf2 Qh4 19. Be3 Rg6 20. Qd4 Rg4 21. Qd6 0-0-0 22. Bb6 Bxg2+ 23. Rxg2 Rc4 24. Bxd8 Qe4 25. Qxa6+ 1-0

[Event "Titled Tuesday intern op 01st Apr Early"]
[Site "Chess.com INT"]
[Date "2025.04.01"]
[Round "2"]
[White "Silva, Lucas"]
[Black "Sobek, Jaroslav"]
[Result "1-0"]
[WhiteElo "2248"]
[BlackElo "2189"]
[PlyCount "57"]
[EventDate "2025.04.01"]
[EventType "swiss (blitz)"]
[EventRounds "11"]
[EventCountry "USA"]
[SourceTitle "CB15_2025"]
[SourceDate "2025.04.09"]
[SourceVersion "1"]
[SourceVersionDate "2025.04.09"]
[SourceQuality "1"]

1. d4 d6 2. Nf3 Nf6 3. c4 Nbd7 4. Nc3 g6 5. e4 Bg7 6. h3 0-0 7. Be3 e5 8. d5 Qe7 9. Nd2 c5 10. g4 a6 11. a4 Ne8 12. Be2 f5 13. gxf5 gxf5 14. exf5 Rxf5 15. Bd3 Rf7 16. Nde4 Ndf6 17. Qc2 Nxe4 18. Nxe4 h6 19. Rg1 Kh8 20. 0-0-0 Nf6 21. Ng3 Bd7 22. Nf5 Bxf5 23. Bxf5 e4 24. Be6 Rff8 25. Rg6 Ne8 26. Bxh6 Bxh6+ 27. Rxh6+ Kg7 28. Rh5 Nf6 29. Rg1+ 1-0

[Event "Titled Tuesday intern op 01st Apr Late"]
[Site "Chess.com INT"]
[Date "2025.04.01"]
[Round "6"]
[White "Sobek, Jaroslav"]
[Black "Beletic, Daniel"]
[Result "0-1"]
[WhiteElo "2191"]
[BlackElo "2291"]
[PlyCount "28"]
[EventDate "2025.04.01"]
[EventType "swiss (blitz)"]
[EventRounds "11"]
[EventCountry "USA"]
[SourceTitle "CB15_2025"]
[SourceDate "2025.04.09"]
[SourceVersion "1"]
[SourceVersionDate "2025.04.09"]
[SourceQuality "1"]

1. d4 d5 2. c4 e6 3. Nc3 Nf6 4. Bg5 Be7 5. e3 h6 6. Bh4 0-0 7. Nf3 b6 8. Be2 dxc4 9. Bxc4 Bb7 10. 0-0 Nbd7 11. Qa4 a6 12. Rfd1 b5 13. Qb3 Bxf3 14. Bxe6 Bxd1 0-1

[Event "Titled Tuesday intern op 01st Apr Early"]
[Site "Chess.com INT"]
[Date "2025.04.01"]
[Round "6"]
[White "Sobek, Jaroslav"]
[Black "Gorbenko, Rustem"]
[Result "0-1"]
[WhiteElo "2189"]
[BlackElo "2217"]
[PlyCount "98"]
[EventDate "2025.04.01"]
[EventType "swiss (blitz)"]
[EventRounds "11"]
[EventCountry "USA"]
[SourceTitle "CB15_2025"]
[SourceDate "2025.04.09"]
[SourceVersion "1"]
[SourceVersionDate "2025.04.09"]
[SourceQuality "1"]

1. d4 e6 2. c4 Nf6 3. Bf4 b6 4. a3 Bb7 5. Nc3 d5 6. cxd5 Nxd5 7. Nxd5 Qxd5 8. e3 Bd6 9. Ne2 0-0 10. Nc3 Qf5 11. Bd3 Qf6 12. Ne4 Qe7 13. Nxd6 cxd6 14. 0-0 e5 15. dxe5 dxe5 16. Bg3 Nd7 17. Qh5 g6 18. Qh6 Rfd8 19. Bh4 f6 20. Bc4+ Kh8 21. Rad1 Qg7 22. Qxg7+ Kxg7 23. Rd6 g5 24. Bg3 Nc5 25. Rfd1 Rxd6 26. Rxd6 h5 27. f3 Ba6 28. Bxa6 Nxa6 29. Rd7+ Kg6 30. Be1 Nc5 31. Rc7 Rd8 32. Kf1 Rd1 33. Ke2 Rb1 34. b4 Rb2+ 35. Kf1 Nd3 36. Rc3 Nxe1 37. Kxe1 Rxg2 38. Rc7 a5 39. Rb7 axb4 40. axb4 Rxh2 41. Rxb6 Rb2 42. Kf1 h4 43. Rb8 Kf5 44. b5 e4 45. fxe4+ Kxe4 46. b6 Kf3 47. Kg1 g4 48. b7 Kg3 49. Kf1 h3 0-1

[Event "Titled Tuesday intern op 01st Apr Late"]
[Site "Chess.com INT"]
[Date "2025.04.01"]
[Round "10"]
[White "Sobek, Jaroslav"]
[Black "Noguera da Almeida, Beatriz Elvira"]
[Result "1-0"]
[WhiteElo "2191"]
[BlackElo "1819"]
[PlyCount "43"]
[EventDate "2025.04.01"]
[EventType "swiss (blitz)"]
[EventRounds "11"]
[EventCountry "USA"]
[SourceTitle "CB15_2025"]
[SourceDate "2025.04.09"]
[SourceVersion "1"]
[SourceVersionDate "2025.04.09"]
[SourceQuality "1"]

1. d4 d5 2. c4 e6 3. Nc3 Nf6 4. Bg5 c6 5. e3 Bb4 6. Rc1 dxc4 7. Bxc4 Nbd7 8. Nf3 Qa5 9. 0-0 Bxc3 10. bxc3 Ne4 11. Bf4 0-0 12. Qb3 Qh5 13. Bd3 Ndf6 14. Qc2 Qf5 15. Ne5 g5 16. Bg3 h5 17. f3 h4 18. fxe4 Qh7 19. Be1 Nd7 20. Ng4 f5 21. exf5 exf5 22. Bxf5 1-0

[Event "Titled Tuesday intern op 01st Apr Early"]
[Site "Chess.com INT"]
[Date "2025.04.01"]
[Round "1"]
[White "Sobek, Jaroslav"]
[Black "Seder, Mohamad"]
[Result "0-1"]
[WhiteElo "2189"]
[BlackElo "2075"]
[PlyCount "48"]
[EventDate "2025.04.01"]
[EventType "swiss (blitz)"]
[EventRounds "11"]
[EventCountry "USA"]
[SourceTitle "CB15_2025"]
[SourceDate "2025.04.09"]
[SourceVersion "1"]
[SourceVersionDate "2025.04.09"]
[SourceQuality "1"]

1. d4 e6 2. c4 c5 3. d5 d6 4. Nc3 Nf6 5. e4 g6 6. h3 Bg7 7. Nf3 0-0 8. Bd3 Na6 9. 0-0 Re8 10. Re1 exd5 11. exd5 Rxe1+ 12. Qxe1 Nb4 13. Bb1 Bd7 14. a3 Na6 15. Bg5 Nc7 16. Bd3 h6 17. Bh4 a6 18. Qe2 Qe8 19. Re1 b5 20. Qxe8+ Rxe8 21. Rxe8+ Nfxe8 22. Nd2 f5 23. Bd8 Bf6 24. Kf1 Bxd8 0-1

[Event "Titled Tuesday intern op 01st Apr Late"]
[Site "Chess.com INT"]
[Date "2025.04.01"]
[Round "4"]
[White "Sobek, Jaroslav"]
[Black "Topuz, Mirac Melih"]
[Result "0-1"]
[WhiteElo "2191"]
[BlackElo "2130"]
[PlyCount "68"]
[EventDate "2025.04.01"]
[EventType "swiss (blitz)"]
[EventRounds "11"]
[EventCountry "USA"]
[SourceTitle "CB15_2025"]
[SourceDate "2025.04.09"]
[SourceVersion "1"]
[SourceVersionDate "2025.04.09"]
[SourceQuality "1"]

1. d4 e5 2. dxe5 Nc6 3. Nf3 d6 4. exd6 Bxd6 5. c3 Nf6 6. Bg5 h6 7. Bh4 Qe7 8. e3 Bg4 9. Be2 0-0-0 10. Qa4 Bd7 11. Qc2 Kb8 12. Nbd2 g5 13. Bg3 Bxg3 14. hxg3 Ng4 15. Nd4 Nce5 16. N2f3 Nxf2 17. Kxf2 Ng4+ 18. Ke1 Qxe3 19. Rf1 Rhe8 20. Rd1 c5 21. Rd3 Qe7 22. Nb3 c4 23. Rxd7 cxb3 24. Rxd8+ Rxd8 25. Qxb3 Ne3 26. Kf2 Nxf1 27. Kxf1 Qf6 28. Qc4 h5 29. Kg1 g4 30. Nd4 Qe5 31. Qd3 f6 32. Bd1 Re8 33. Bc2 Qe1+ 34. Kh2 Qe5 0-1

[Event "Titled Tuesday intern op 01st Apr Early"]
[Site "Chess.com INT"]
[Date "2025.04.01"]
[Round "11"]
[White "Sobek, Jaroslav"]
[Black "Winkels, Marcel"]
[Result "1-0"]
[WhiteElo "2189"]
[BlackElo "1885"]
[PlyCount "35"]
[EventDate "2025.04.01"]
[EventType "swiss (blitz)"]
[EventRounds "11"]
[EventCountry "USA"]
[SourceTitle "CB15_2025"]
[SourceDate "2025.04.09"]
[SourceVersion "1"]
[SourceVersionDate "2025.04.09"]
[SourceQuality "1"]

1. d4 Nf6 2. c4 c5 3. d5 e6 4. Nc3 exd5 5. cxd5 d6 6. Bf4 a6 7. a4 g6 8. h3 Bg7 9. e3 0-0 10. Nf3 Bf5 11. Nd2 h5 12. Be2 h4 13. 0-0 Nh7 14. Nc4 g5 15. Bxd6 Re8 16. Bxc5 Nd7 17. Bd4 Rc8 18. Nd6 1-0

[Event "Titled Tuesday intern op 25th Mar Early"]
[Site "Chess.com INT"]
[Date "2025.03.25"]
[Round "11"]
[White "Clawitter, Craig"]
[Black "Sobek, Jaroslav"]
[Result "1/2-1/2"]
[WhiteElo "2050"]
[BlackElo "2189"]
[PlyCount "95"]
[EventDate "2025.03.25"]
[EventType "swiss (blitz)"]
[EventRounds "11"]
[EventCountry "USA"]
[SourceTitle "CB14_2025"]
[SourceDate "2024.11.01"]
[SourceVersion "1"]
[SourceVersionDate "2024.11.01"]
[SourceQuality "1"]

1. e4 c5 2. Nf3 a6 3. c3 d5 4. exd5 Qxd5 5. d4 e6 6. Be2 Nf6 7. 0-0 Nc6 8. Be3 cxd4 9. cxd4 Be7 10. Nc3 Qd6 11. Qd2 0-0 12. Bf4 Qd8 13. Rfd1 Nb4 14. Ne5 Nbd5 15. Bf3 Nxf4 16. Qxf4 Bd6 17. Qe3 Qe7 18. Nc4 Bb4 19. d5 exd5 20. Qxe7 Bxe7 21. Nb6 Rb8 22. Ncxd5 Nxd5 23. Bxd5 Bc5 24. Nxc8 Rfxc8 25. Rac1 b6 26. Rc3 Rd8 27. Rcd3 Kf8 28. Rf3 f6 29. Rh3 h6 30. Rhd3 a5 31. Be4 Rxd3 32. Rxd3 Ke7 33. Kf1 Rd8 34. Ke2 Rxd3 35. Bxd3 Ke6 36. f4 g5 37. Kf3 f5 38. g4 fxg4+ 39. Kxg4 gxf4 40. Kxf4 Kf6 41. Kg4 Bd4 42. b3 Be3 43. h4 Ke5 44. h5 Kd4 45. Bc4 Kc3 46. a4 Kb4 47. Kf5 Kc5 48. Kg6 1/2-1/2

[Event "Titled Tuesday intern op 25th Mar Early"]
[Site "Chess.com INT"]
[Date "2025.03.25"]
[Round "7"]
[White "Mikhalsky, Vladimir"]
[Black "Sobek, Jaroslav"]
[Result "1-0"]
[WhiteElo "2219"]
[BlackElo "2189"]
[PlyCount "67"]
[EventDate "2025.03.25"]
[EventType "swiss (blitz)"]
[EventRounds "11"]
[EventCountry "USA"]
[SourceTitle "CB14_2025"]
[SourceDate "2024.11.01"]
[SourceVersion "1"]
[SourceVersionDate "2024.11.01"]
[SourceQuality "1"]

1. e4 c5 2. Nf3 a6 3. c3 d5 4. exd5 Qxd5 5. d4 Nf6 6. Be2 e6 7. 0-0 Nc6 8. c4 Qd8 9. d5 exd5 10. cxd5 Qxd5 11. Bd3 Be7 12. Nc3 Qh5 13. Re1 0-0 14. h3 Rd8 15. Rxe7 Nxe7 16. Bxh7+ Kxh7 17. Qxd8 Nc6 18. Qd6 Be6 19. Ng5+ Kh8 20. Nxe6 fxe6 21. Be3 Qe5 22. Qxe5 Nxe5 23. Bxc5 Nd3 24. Bd4 e5 25. Be3 Rc8 26. Na4 b5 27. Nb6 Rc2 28. b3 e4 29. a4 Rb2 30. axb5 axb5 31. Ra3 Kh7 32. Bd4 Ne8 33. Bxb2 Nd6 34. Bd4 1-0